000 00464nam a2200181Ia 4500
008 131103s9999 xx 000 0 und d
020 _cRs.85
040 _aLoreto College
041 _aEnglish
082 _aF/DES
_bLCBED/11728
100 _aDeshpande,Shashi
245 _aThat long silence
_cShashi Deshpande
260 _aNew Delhi
_bPenguin Books
_c1989
300 _a196 p.
_c 20 cm.
650 _aEnglish fiction
850 _aLCBED/F/DES
942 _cBK
999 _c32544
_d83023